000 01035nas a2200289 4500
001 BR8304043
003 BR-BrBNA
005 20231205085635.0
007 ta
008 230509b bl.|||p| |||| 00| 00por d
040 _aBR-BrBNA
_bpor
_cBiblioteca Nacional de Agricultura
041 _a(Pt)
072 _aM10
100 1 _aSilva, J.W.B. e
100 1 _aFrota, S.H.M.
100 1 _aNobre, M.I. da S.
100 1 _aNonato Filho, R.
245 1 _aResultados de um ensaio sobre a criacao de carpa espelho, Cyprinus carpio (Linnaeus)vr. specularis, em viveiro do Centro de Pesquisas Ictiologicas do DNOCS (Pentecoste, Ceara, Brasil)[Departamento Nacional de Obras Contra as Secas]
650 _aCARPA ESPELHO
650 _aCRIACAO
650 _aVIVEIRO
650 _aPENTECOSTE
650 _aCEARA
773 0 _tBoletim Tecnico - Departamento Nacional de Obras Contra as Secas (Brazil)
_xISSN 0374-6658
_g(Jan-Jun 1983), v. 41(1) p. 145-170
_wBR8304043
909 _a202311
_bLúcia
_c55
_dLúcia Elande
942 _2AGRIS
_n0
_cANA
999 _c112729
_d112729